UBT Library

Principles of Public Speaking (Record no. 54587)

000 -LEADER
fixed length control field 00298nam a22001337a 4500
008 - FIXED-LENGTH DATA ELEMENTS--GENERAL INFORMATION
fixed length control field 190305b xxu||||| |||| 00| 0 eng d
020 ## - INTERNATIONAL STANDARD BOOK NUMBER
International Standard Book Number 9781506362823
041 ## - LANGUAGE CODE
Language code of text/sound track or separate title eng
080 ## - UNIVERSAL DECIMAL CLASSIFICATION NUMBER
Universal Decimal Classification number 070
100 ## - Rafti
Rafti 40
101 ## - Shkurtesa
Shkurtesa MK
245 ## - TITLE STATEMENT
Title Principles of Public Speaking
Statement of responsibility, etc Edwards,A
942 ## - ADDED ENTRY ELEMENTS (KOHA)
Source of classification or shelving scheme
Item type Books
Holdings
Withdrawn status Lost status Source of classification or shelving scheme Damaged status Not for loan Collection code Permanent location Current location Shelving location Date acquired Total Checkouts Full call number Barcode Date last seen Price effective from Koha item type
          Koleksioni i përgjithshem UBT - Lipjan UBT - Lipjan Koleksioni i përgjithshem 03/05/2019   070 EDW 002-3022896 03/05/2019 03/05/2019 Books
          Koleksioni i përgjithshem UBT - Lipjan UBT - Lipjan   11/02/2022   004 EDW 002-800028700260410 11/02/2022 11/02/2022 Books
          Koleksioni i përgjithshem UBT - Lipjan UBT - Lipjan   05/08/2023   070 002-800080126 05/08/2023 05/08/2023 Books
          Koleksioni i përgjithshem UBT - Lipjan UBT - Lipjan   05/08/2023   070EDW 002-800080127 05/08/2023 05/08/2023 Books
UBT Library © 2015-2024. All rights reserved University Education for Business and Technology